000 00685nam a2200241Ia 4500
003 OSt
005 20220928121840.0
006 a|||||r|||| 00| 0
007 ta
008 220927b |||||||| |||| 00| 0 eng d
020 _cUSD 38.95
024 _a136079
037 _b8064, 06/06/2017, Efficient Book Distributors
_cTextual
040 _aSDCL
_cSDCL
_beng
041 _2eng
_aeng
082 _aO-,3:g, N1
245 0 _aFoundation fictions
_b The national romances of Latin America
260 _c1991
300 _axiii,418p
_ccm.
650 _aEnglish
942 _hO-,3:g, N1
_cTEXL
_2CC
999 _c768195
_d768195